Výskyt ochorenia HIV/AIDS v Európe

Miera nahlásených prípadov HIV v Európe. Výskyt ochorenia AIDS v Európe. Viacrozmerná analýza.

Salvato in:
Dettagli Bibliografici
Autore principale: Labudová, Viera, 1958-
Altri autori: Mihalíková, Martina
Natura: Capitolo di libro
Lingua:slovacco
Soggetti:
Tags: Aggiungi Tag
Nessun Tag, puoi essere il primo ad aggiungerne!!

MARC

LEADER 00000naa$a2200000$$$4500
001 0107496
005 20240502072203.2
041 0 |a slo 
044 |a SK 
245 1 0 |a Výskyt ochorenia HIV/AIDS v Európe  |c Viera Labudová, Martina Mihalíková 
520 |a Miera nahlásených prípadov HIV v Európe. Výskyt ochorenia AIDS v Európe. Viacrozmerná analýza. 
610 2 0 |a chorobnosť 
610 2 0 |a analýza štatistická viacrozmerná 
610 2 0 |a Európa 
610 2 0 |a štatistika 
100 1 |a Labudová, Viera, 1958- 
700 1 |a Mihalíková, Martina